Introduction à l'analyse des textes classiques (notice n° 1567366)
[ vue normale ]
| 000 -LEADER | |
|---|---|
| fixed length control field | 01175cam a2200133 4500500 |
| 005 - DATE AND TIME OF LATEST TRANSACTION | |
| control field | 20251214002717.0 |
| 041 ## - LANGUAGE CODE | |
| Language code of text/sound track or separate title | fre |
| 042 ## - AUTHENTICATION CODE | |
| Authentication code | dc |
| 100 10 - MAIN ENTRY--PERSONAL NAME | |
| Personal name | Forestier, Georges |
| Relator term | author |
| 245 00 - TITLE STATEMENT | |
| Title | Introduction à l'analyse des textes classiques |
| 260 ## - PUBLICATION, DISTRIBUTION, ETC. | |
| Name of publisher, distributor, etc. | Armand Colin,<br/> |
| Date of publication, distribution, etc. | 2017.<br/> |
| 520 ## - SUMMARY, ETC. | |
| Summary, etc. | Cet ouvrage présente les règles sur lesquelles s’est fondée l’écriture des textes classiques. Il montre en quoi la connaissance de ces règles est nécessaire à l’étude des œuvres du XVIIe. Or ces règles sont issues à la fois d’une technique générale du discours efficace inventée par les Grecs – la rhétorique – et des prolongements qu’ils ont donnés à cette technique en direction de la poésie et de la fiction – la poétique. Cette présentation évoque enfin les liens qui unissent la rhétorique et la poétique classiques aux techniques modernes d’analyse des objets littéraires qui en sont les héritières. Cette nouvelle édition est enrichie d’un chapitre et de nouveaux textes commentés. |
| 856 41 - ELECTRONIC LOCATION AND ACCESS | |
| Uniform Resource Identifier | <a href="https://shs.cairn.info/introduction-a-l-analyse-des-textes-classiques--9782200616106?lang=fr&redirect-ssocas=7080">https://shs.cairn.info/introduction-a-l-analyse-des-textes-classiques--9782200616106?lang=fr&redirect-ssocas=7080</a> |
Pas d'exemplaire disponible.




Réseaux sociaux